| 000 | 00762nam a2200241 i 4500 | ||
|---|---|---|---|
| 001 | 9826 | ||
| 003 | ES-MaACL | ||
| 005 | 20230906145749.0 | ||
| 007 | t| | ||
| 008 | 940120s1993 sp ||||1| spa d | ||
| 020 | _a84-7254-249-1 | ||
| 080 | _a75.023.22(09) | ||
| 100 | 1 |
_aLeymarie, Jean. _972102 |
|
| 245 | 1 | 3 |
_aLa Acuarela / _ctexto de Jean Leymarie ; [traducción : Montserrat Conill Marfáa]. |
| 260 |
_aGenève, Suisse : _bSkira ; _aBarcelona : _bCarroggio, _cD.L. 1993. |
||
| 300 |
_a160 p. : _bil. col. ; _c35 cm. |
||
| 490 | 1 | _aHistoria de un arte | |
| 650 | 1 | 4 |
_aAcuarela- _xHistoria. _99599 |
| 700 | 1 |
_aConil, Montserrat, _etrad. _940182 |
|
| 830 | 0 |
_aHistoria de un arte _9177954 |
|
| 852 |
_aES-MaACL _jC-10826 _bR.122391 |
||
| 999 |
_c9826 _d9826 |
||